Daň z príjmov - novela zákona

Hlavné zmeny s účinnosťou od 1. januára 2009. Prepočty súm a doplnenia. Niektoré paragrafy. Príklady.

Salvato in:
Dettagli Bibliografici
Autore principale: Dropčová, Marta
Natura: Capitolo di libro
Lingua:slovacco
Soggetti:
Tags: Aggiungi Tag
Nessun Tag, puoi essere il primo ad aggiungerne!!

MARC

LEADER 00000naa$a2200000$$$4500
001 0091145
005 20231120113331.5
041 0 |a slo 
044 |a SK 
245 1 0 |a Daň z príjmov - novela zákona  |c Marta Dropčová 
520 |a Hlavné zmeny s účinnosťou od 1. januára 2009. Prepočty súm a doplnenia. Niektoré paragrafy. Príklady. 
610 2 0 |a dane z príjmov 
610 2 0 |a zákony 
610 2 0 |a novelizácia 
100 1 |a Dropčová, Marta